[Event "Andorra op 33rd"]
[Site "La Massana"]
[Date "2015.07.23"]
[Round "6"]
[White "Laclau, Daniel"]
[Black "Bernal Moro, Luis Javier"]
[Result "1/2-1/2"]
[WhiteElo "2301"]
[BlackElo "2435"]
[PlyCount "28"]
[EventDate "2015.07.18"]
[EventType "swiss"]
[EventRounds "9"]
[EventCountry "AND"]
[SourceTitle "CBM 167 Extra"]
[Source "ChessBase"]
[SourceDate "2015.09.14"]
[SourceVersion "1"]
[SourceVersionDate "2015.09.14"]
[SourceQuality "1"]

1. d4 Nf6 2. c4 g6 3. Nc3 Bg7 4. e4 d6 5. Nf3 0-0 6. Be2 e5 7. 0-0 c6 8. Be3 exd4 9. Nxd4 Re8 10. Qc2 Qe7 11. Rfe1 Na6 12. f3 Nc5 13. Rad1 a5 14. Bf1 Nfd7 1/2-1/2

[Event "Andorra op 33rd"]
[Site "La Massana"]
[Date "2015.07.20"]
[Round "3"]
[White "Pulvett Marin, Daniel Eduardo"]
[Black "Laclau, Daniel"]
[Result "1-0"]
[WhiteElo "2446"]
[BlackElo "2301"]
[PlyCount "101"]
[EventDate "2015.07.18"]
[EventType "swiss"]
[EventRounds "9"]
[EventCountry "AND"]
[SourceTitle "CBM 167 Extra"]
[Source "ChessBase"]
[SourceDate "2015.09.14"]
[SourceVersion "1"]
[SourceVersionDate "2015.09.14"]
[SourceQuality "1"]

1. d4 Nf6 2. c4 g6 3. Nc3 d5 4. cxd5 Nxd5 5. e4 Nxc3 6. bxc3 Bg7 7. Qa4+ Qd7 8. Bb5 c6 9. Bd3 0-0 10. Ne2 c5 11. Qxd7 Nxd7 12. Bg5 cxd4 13. cxd4 e5 14. d5 Nc5 15. Bc2 Bd7 16. Kd2 Rfc8 17. Rhc1 b5 18. f3 f6 19. Be3 Bf8 20. h4 a5 21. g4 b4 22. g5 f5 23. exf5 gxf5 24. f4 e4 25. Bd4 Nb7 26. Ng3 Nd6 27. Nh5 Nc4+ 28. Ke1 Bb5 29. Nf6+ Kf7 30. Nxh7 Bd6 31. a4 Ba6 32. Bb3 Bxf4 33. Rc2 Kg6 34. Nf6 e3 35. h5+ Kxg5 36. Rg2+ Kh4 37. d6 Nxd6 38. Bd5 Bb7 39. Bxb7 Nxb7 40. h6 Bg3+ 41. Ke2 Rc2+ 42. Kf3 Rxg2 43. Kxg2 Nd6 44. Rh1+ Kg5 45. Kxg3 f4+ 46. Kf3 Nf5 47. Rg1+ Kxh6 48. Be5 Nh4+ 49. Kg4 Ng6 50. Rh1+ Kg7 51. Rh7+ 1-0

[Event "Andorra op 32nd"]
[Site "La Massana"]
[Date "2014.07.24"]
[Round "6"]
[White "Laclau, Daniel"]
[Black "Riff, Jean Noel"]
[Result "0-1"]
[WhiteElo "2326"]
[BlackElo "2482"]
[PlyCount "72"]
[EventDate "2014.07.19"]
[EventType "swiss"]
[EventRounds "9"]
[EventCountry "AND"]
[SourceTitle "CBM 161 Extra"]
[Source "ChessBase"]
[SourceDate "2014.08.29"]
[SourceVersion "1"]
[SourceVersionDate "2014.08.29"]
[SourceQuality "1"]

1. d4 e6 2. c4 Bb4+ 3. Nd2 Nf6 4. Ngf3 0-0 5. a3 Be7 6. e3 c5 7. Bd3 cxd4 8. exd4 b6 9. b3 Bb7 10. Bb2 d5 11. Qe2 Nc6 12. 0-0 Re8 13. Rac1 Bf8 14. Rfd1 Rc8 15. b4 dxc4 16. Nxc4 Nd5 17. Qe4 g6 18. b5 Na5 19. Nxa5 bxa5 20. Ne5 f6 21. Rxc8 Qxc8 22. Rc1 Qa8 23. Nc6 a6 24. Nxa5 axb5 25. Nxb7 Qxb7 26. h4 f5 27. Qe1 h6 28. a4 Qe7 29. Bxb5 Rd8 30. Rc6 Rd6 31. Rxd6 Qxd6 32. Qc1 Be7 33. Qc8+ Kg7 34. h5 gxh5 35. Bd7 Nb6 36. d5+ e5 0-1

[Event "Andorra op 31st"]
[Site "La Massana"]
[Date "2013.07.22"]
[Round "3"]
[White "Wegerle, Joerg"]
[Black "Laclau, Daniel"]
[Result "1/2-1/2"]
[WhiteElo "2445"]
[BlackElo "2294"]
[PlyCount "128"]
[EventDate "2013.07.20"]
[EventType "swiss"]
[EventRounds "9"]
[EventCountry "AND"]
[SourceTitle "CBM 155 Extra"]
[Source "ChessBase"]
[SourceDate "2013.08.26"]
[SourceVersion "1"]
[SourceVersionDate "2013.08.26"]
[SourceQuality "1"]

1. c4 Nf6 2. g3 g6 3. Bg2 Bg7 4. Nc3 d6 5. d3 Nc6 6. Rb1 e5 7. b4 0-0 8. b5 Nd4 9. e3 Ne6 10. Nge2 Nh5 11. d4 exd4 12. exd4 f5 13. f4 Nf6 14. 0-0 Re8 15. Qd3 a6 16. b6 c6 17. h3 d5 18. Be3 Nf8 19. cxd5 cxd5 20. Nc1 Be6 21. Nb3 Ne4 22. Rfc1 Bf7 23. Kh2 Rc8 24. Na4 Qe7 25. Rxc8 Rxc8 26. Nbc5 h5 27. Bf3 Re8 28. Bxe4 dxe4 29. Qd2 Nh7 30. Nc3 Nf6 31. Rd1 Rd8 32. Qe2 Nd5 33. Nxd5 Bxd5 34. a4 Bc6 35. Qc4+ Bd5 36. Qc2 Qd6 37. a5 Rc8 38. Qe2 Bc6 39. d5 Bb5 40. Qf2 Bf8 41. Nxb7 Qa3 42. d6 Rc3 43. d7 Bxd7 44. Rxd7 Rxe3 45. Qc2 Rc3 46. Qd2 Rd3 47. Rxd3 Qxd3 48. Qa2+ Kh7 49. Qf7+ Bg7 50. Qe7 Qd2+ 51. Kg1 e3 52. Nc5 Qf2+ 53. Kh1 Qf3+ 54. Kg1 Qxg3+ 55. Kh1 Qxh3+ 56. Kg1 Qg3+ 57. Kh1 Qf3+ 58. Kh2 Qxf4+ 59. Kh3 Qf3+ 60. Kh2 Qf2+ 61. Kh3 e2 62. Ne6 Qe3+ 63. Kg2 e1N+ 64. Kf1 Qf3+ 1/2-1/2

[Event "Andorra op 30th"]
[Site "La Massana"]
[Date "2012.07.27"]
[Round "7"]
[White "Demuth, Adrien"]
[Black "Laclau, Daniel"]
[Result "1-0"]
[WhiteElo "2460"]
[BlackElo "2326"]
[PlyCount "69"]
[EventDate "2012.07.21"]
[EventType "swiss"]
[EventRounds "9"]
[EventCountry "AND"]
[SourceTitle "CBM 149 Extra"]
[Source "ChessBase"]
[SourceDate "2012.08.24"]
[SourceVersion "1"]
[SourceVersionDate "2012.08.24"]
[SourceQuality "1"]

1. d4 Nf6 2. c4 g6 3. Nc3 d5 4. Bg5 Ne4 5. Bh4 Nxc3 6. bxc3 c5 7. cxd5 Qa5 8. Qd2 Bg7 9. Rc1 Na6 10. e3 Bd7 11. Nf3 Rc8 12. c4 Nb4 13. Be2 a6 14. dxc5 Rxc5 15. Rb1 Nc2+ 16. Kf1 Qxa2 17. Rxb7 Qa1+ 18. Qd1 Qc3 19. Qd3 Rxc4 20. Qxc3 Rxc3 21. Bxa6 f6 22. Ke2 Ba4 23. d6 0-0 24. dxe7 Ra8 25. Rd1 Re8 26. Rd8 Kf7 27. Rxe8 Kxe8 28. Kd2 Rc5 29. Bg3 f5 30. Bh4 h6 31. Bd3 g5 32. Ra7 Bb3 33. Bg3 f4 34. exf4 Bc3+ 35. Ke2 1-0

[Event "Andorra op 30th"]
[Site "La Massana"]
[Date "2012.07.22"]
[Round "2"]
[White "Laclau, Daniel"]
[Black "Negi, Parimarjan"]
[Result "0-1"]
[WhiteElo "2326"]
[BlackElo "2661"]
[PlyCount "80"]
[EventDate "2012.07.21"]
[EventType "swiss"]
[EventRounds "9"]
[EventCountry "AND"]
[SourceTitle "CBM 149 Extra"]
[Source "ChessBase"]
[SourceDate "2012.08.24"]
[SourceVersion "1"]
[SourceVersionDate "2012.08.24"]
[SourceQuality "1"]

1. d4 d5 2. Nf3 Nf6 3. c4 e6 4. Nc3 c6 5. e3 Nbd7 6. Qc2 Bd6 7. Bd3 0-0 8. 0-0 dxc4 9. Bxc4 b5 10. Be2 Bb7 11. Rd1 Qb8 12. Bd2 Rc8 13. Ne4 Nxe4 14. Qxe4 c5 15. Qh4 c4 16. e4 e5 17. Rac1 Nf6 18. d5 a5 19. Bg5 Ne8 20. Ne1 f6 21. Bd2 Rc7 22. Nc2 Be7 23. Ne3 Nd6 24. f3 Qc8 25. Qe1 b4 26. a3 bxa3 27. bxa3 Rc5 28. a4 Qc7 29. Rc3 Ba6 30. Rb1 Qd7 31. Qd1 f5 32. Qc2 Rac8 33. Be1 R5c7 34. Bf2 f4 35. Nf1 Rb7 36. Rxb7 Qxb7 37. Nd2 Qb4 38. Be1 Bd8 39. Kf1 Bb6 40. Nb1 Qc5 0-1

[Event "FRA-chT2 1011"]
[Site "France"]
[Date "2010.11.14"]
[Round "3.1"]
[White "Laclau, Daniel"]
[Black "Gachon, Lionel"]
[Result "1-0"]
[WhiteElo "2277"]
[BlackElo "2293"]
[PlyCount "52"]
[EventDate "2010.10.17"]
[EventType "team-tourn"]
[EventRounds "11"]
[EventCountry "FRA"]
[SourceTitle "EXT 2012"]
[Source "ChessBase"]
[SourceDate "2011.11.24"]
[SourceVersion "1"]
[SourceVersionDate "2011.11.24"]
[SourceQuality "1"]

1. d4 b6 2. Nf3 Bb7 3. g3 e6 4. Bg2 g6 5. c4 Bg7 6. Nc3 Ne7 7. h4 h6 8. d5 Na6 9. e4 0-0 10. Be3 f5 11. e5 exd5 12. cxd5 c6 13. d6 Nd5 14. Nxd5 cxd5 15. Qd2 Nc5 16. Bxh6 Ne4 17. Qf4 Ba6 18. h5 Nc5 19. Rd1 Ne6 20. Qd2 Qe8 21. Bxg7 Kxg7 22. hxg6 Qxg6 23. Nh4 Qf7 24. Bxd5 Rfc8 25. Bxe6 Qxe6 26. Qg5+ Kf8 1-0

[Event "Cap d'Agde CCAS op"]
[Site "Cap d'Agde"]
[Date "2010.10.24"]
[Round "2"]
[White "Hebden, Mark"]
[Black "Laclau, Daniel"]
[Result "1/2-1/2"]
[WhiteElo "2556"]
[BlackElo "2277"]
[PlyCount "102"]
[EventDate "2010.10.23"]
[EventType "swiss"]
[EventRounds "7"]
[EventCountry "FRA"]
[SourceTitle "EXT 2012"]
[Source "ChessBase"]
[SourceDate "2011.11.24"]
[SourceVersion "1"]
[SourceVersionDate "2011.11.24"]
[SourceQuality "1"]

1. d4 Nf6 2. Nf3 g6 3. Nc3 d5 4. Bf4 Bg7 5. Qd2 Ne4 6. Nxe4 dxe4 7. Ne5 f6 8. Nc4 Be6 9. e3 0-0 10. h4 Nc6 11. Be2 Bd5 12. Na5 Nxa5 13. Qxa5 c6 14. Qxd8 Rfxd8 15. c4 Bf7 16. 0-0-0 Rd7 17. b3 Rad8 18. Bg4 e6 19. Be2 Bf8 20. c5 a5 21. Kc2 e5 22. dxe5 Rxd1 23. Rxd1 Rxd1 24. Bxd1 f5 25. e6 Bxe6 26. Bc7 a4 27. Bb6 axb3+ 28. axb3 Be7 29. g3 Bf6 30. Ba5 Kf7 31. Bc3 Be7 32. Bd4 Bd5 33. b4 Ke6 34. Be2 Bd8 35. Kc3 Bc7 36. g4 Bd8 37. g5 Bc7 38. Bf6 h5 39. Bf1 Bh2 40. Kd2 Bg1 41. Ke1 Bh2 42. b5 cxb5 43. Bxb5 Bc6 44. Bc4+ Bd5 45. Be2 Bc7 46. Bd4 Ba5+ 47. Kf1 Bb4 48. Bb5 Bc6 49. Bc4+ Bd5 50. Bb5 Bc6 51. Bc4+ Bd5 1/2-1/2

[Event "FRA-chT2 0910"]
[Site "France"]
[Date "2009.12.12"]
[Round "5.1"]
[White "Laclau, Daniel"]
[Black "Boudre, Jean Pierre"]
[Result "1/2-1/2"]
[WhiteElo "2274"]
[BlackElo "2334"]
[PlyCount "41"]
[EventDate "2009.09.27"]
[EventType "team-tourn"]
[EventRounds "11"]
[EventCountry "FRA"]
[SourceTitle "EXT 2011"]
[Source "ChessBase"]
[SourceDate "2010.11.26"]
[SourceVersion "1"]
[SourceVersionDate "2010.11.26"]
[SourceQuality "1"]

1. d4 Nf6 2. Nf3 d5 3. c4 c6 4. e3 Bg4 5. Nc3 e6 6. Qb3 Qb6 7. Nh4 Be7 8. h3 Bh5 9. g4 Bg6 10. Nxg6 hxg6 11. Bg2 dxc4 12. Qxc4 Nbd7 13. Bd2 Nd5 14. 0-0-0 g5 15. Kb1 Rd8 16. Rc1 a6 17. Ka1 g6 18. Be4 N7f6 19. Bg2 Nd7 20. Be4 N7f6 21. Bg2 1/2-1/2

[Event "FRA-chT2 0910"]
[Site "France"]
[Date "2009.10.17"]
[Round "2.1"]
[White "Miron, Lucian Costin"]
[Black "Laclau, Daniel"]
[Result "1-0"]
[WhiteElo "2491"]
[BlackElo "2280"]
[PlyCount "65"]
[EventDate "2009.09.27"]
[EventType "team-tourn"]
[EventRounds "11"]
[EventCountry "FRA"]
[SourceTitle "EXT 2011"]
[Source "ChessBase"]
[SourceDate "2010.11.26"]
[SourceVersion "1"]
[SourceVersionDate "2010.11.26"]
[SourceQuality "1"]

1. d4 Nf6 2. c4 g6 3. g3 Bg7 4. Bg2 d6 5. Nf3 0-0 6. 0-0 Nc6 7. Nc3 a6 8. Qd3 Rb8 9. d5 Nb4 10. Qd1 a5 11. Nd4 Nd7 12. Nb3 Ne5 13. Nd2 c6 14. a3 Na6 15. h3 cxd5 16. Nxd5 b5 17. cxb5 Rxb5 18. f4 Nd7 19. Nc4 Ndc5 20. a4 Rb8 21. Nxa5 Qxa5 22. Nxe7+ Kh8 23. Nc6 Qc7 24. Nxb8 Qxb8 25. e3 Nb3 26. Ra3 Nac5 27. Bd5 Be6 28. Bxe6 fxe6 29. Qc2 Rc8 30. Rd1 Rg8 31. a5 Bf8 32. a6 Qa8 33. Rxb3 1-0

[Event "FRA-chT2 South 0708"]
[Site "France"]
[Date "2007.11.25"]
[Round "3.4"]
[White "Laclau, Daniel"]
[Black "Guerin, Gilles"]
[Result "1-0"]
[WhiteElo "2261"]
[BlackElo "2244"]
[PlyCount "93"]
[EventDate "2007.10.21"]
[EventType "team"]
[EventRounds "11"]
[EventCountry "FRA"]
[SourceTitle "EXT 2009"]
[Source "ChessBase"]
[SourceDate "2008.11.26"]
[SourceVersion "1"]
[SourceVersionDate "2008.11.26"]
[SourceQuality "1"]
[WhiteTeam "Saint Affrique"]
[BlackTeam "Montpellier Diagonale"]
[WhiteTeamCountry "FRA"]
[BlackTeamCountry "FRA"]

1. d4 Nf6 2. Nf3 d6 3. c4 Nbd7 4. Nc3 e5 5. e4 g6 6. Be2 Bg7 7. 0-0 0-0 8. Re1 Re8 9. Bf1 exd4 10. Nxd4 Nc5 11. f3 a5 12. Ndb5 Bf8 13. Bg5 Ne6 14. Be3 Bd7 15. Qd2 Bc6 16. Rad1 b6 17. Qf2 Qc8 18. Nd5 Bxd5 19. cxd5 Nc5 20. Nd4 Bg7 21. Bb5 Rf8 22. b3 Nfd7 23. Qc2 Ne5 24. a3 Qd8 25. b4 axb4 26. axb4 Ncd7 27. Rc1 Rc8 28. Ba6 Ra8 29. Bf1 Rc8 30. Nb5 f5 31. exf5 gxf5 32. Nd4 Qf6 33. Ne6 Rf7 34. Ba6 Re8 35. Nxc7 Nxf3+ 36. gxf3 Rxe3 37. Rxe3 Qg5+ 38. Kf2 Bd4 39. Qd3 Qh4+ 40. Ke2 Qxh2+ 41. Kd1 Bxe3 42. Qxe3 Rg7 43. Qe6+ Kh8 44. Be2 Qf4 45. Kc2 h5 46. Qe8+ Kh7 47. Qxh5+ 1-0

[Event "Montpellier op"]
[Site "Montpellier"]
[Date "2007.07.08"]
[Round "2"]
[White "Laclau, Daniel"]
[Black "Cornette, Matthieu"]
[Result "0-1"]
[WhiteElo "2276"]
[BlackElo "2487"]
[PlyCount "132"]
[EventDate "2007.12.26"]
[EventType "swiss"]
[EventRounds "7"]
[EventCountry "FRA"]
[SourceTitle "CBM 119 Extra"]
[Source "ChessBase"]
[SourceDate "2007.09.04"]
[SourceVersion "1"]
[SourceVersionDate "2007.09.04"]
[SourceQuality "1"]

1. d4 Nf6 2. c4 e6 3. Nf3 d5 4. g3 dxc4 5. Bg2 Nc6 6. Qa4 Bb4+ 7. Bd2 Nd5 8. 0-0 Nb6 9. Qc2 Be7 10. Bc3 0-0 11. Nbd2 Bd7 12. Rad1 a6 13. e4 Qc8 14. Rfe1 Nb4 15. Qb1 c5 16. e5 cxd4 17. Bxd4 N6d5 18. Ne4 Ba4 19. b3 cxb3 20. axb3 Bb5 21. Rc1 Qd7 22. Red1 Rfc8 23. Nc5 Qc6 24. h4 Be2 25. Re1 Qb5 26. Ng5 Nd3 27. Nxd3 Bxd3 28. Qb2 Bb4 29. Rxc8+ Rxc8 30. Rc1 Rxc1+ 31. Qxc1 Qc6 32. Qxc6 bxc6 33. Ne4 Bc2 34. Nc5 a5 35. f4 Ne7 36. Be4 Bd1 37. Kg2 h5 38. Bf2 Kf8 39. Bd3 Bxc5 40. Bxc5 Bxb3 41. Kf2 Ke8 42. Ke3 Kd7 43. Kd4 g6 44. Bb6 a4 45. Bc5 Nd5 46. Be2 Bc2 47. Bf1 Bd1 48. Bd3 Kc7 49. Ba6 Bb3 50. Kd3 Kd7 51. Kd4 Bc2 52. Be2 Ne7 53. Kc3 Be4 54. Bd1 Nf5 55. Bf2 a3 56. Kb3 c5 57. Kxa3 Kc6 58. Kb3 Kd5 59. Kc3 Nd4 60. Ba4 Bf5 61. Bxd4 cxd4+ 62. Kd2 Bh3 63. Be8 Ke4 64. Bxf7 Bf5 65. Ke2 d3+ 66. Kf2 Kd4 0-1

[Event "Montpellier Loubatiere Memorial"]
[Site "Montpellier"]
[Date "2006.07.13"]
[Round "6"]
[White "Hanley, Craig"]
[Black "Laclau, Daniel"]
[Result "1-0"]
[WhiteElo "2419"]
[BlackElo "2277"]
[PlyCount "67"]
[EventDate "2006.07.08"]
[EventType "swiss"]
[EventRounds "9"]
[EventCountry "FRA"]
[SourceTitle "CBM 113 Extra"]
[Source "ChessBase"]
[SourceDate "2006.09.14"]
[SourceVersion "1"]
[SourceVersionDate "2006.09.14"]
[SourceQuality "1"]

1. e4 c5 2. Nf3 e6 3. d4 cxd4 4. Nxd4 Nf6 5. Nc3 d6 6. Be2 Nc6 7. Be3 Be7 8. 0-0 0-0 9. Kh1 Bd7 10. f4 Nxd4 11. Qxd4 Bc6 12. a4 Qb8 13. Bf3 Rd8 14. Rfd1 b6 15. a5 b5 16. b4 Qc7 17. a6 d5 18. e5 Ne4 19. Be2 Nxc3 20. Qxc3 Rdc8 21. Qe1 f5 22. Bd4 Qd7 23. Bd3 Kh8 24. c3 Rg8 25. g4 g6 26. Qe2 Raf8 27. Rg1 Rf7 28. Rg3 Rgf8 29. gxf5 gxf5 30. Rag1 Bh4 31. R3g2 Bd8 32. Qh5 Qe8 33. Qh6 Qd7 34. Bxf5 1-0

[Event "Montpellier op"]
[Site "Montpellier"]
[Date "2004.07.09"]
[Round "5"]
[White "Laclau, Daniel"]
[Black "Bauer, Christian"]
[Result "0-1"]
[WhiteElo "2280"]
[BlackElo "2590"]
[PlyCount "58"]
[EventDate "2004.07.05"]
[EventType "swiss"]
[EventRounds "9"]
[EventCountry "FRA"]
[SourceTitle "CBM 101 Extra"]
[Source "ChessBase"]
[SourceDate "2004.09.01"]
[SourceVersion "2"]
[SourceVersionDate "2004.09.01"]
[SourceQuality "1"]

1. d4 d5 2. Nf3 Nf6 3. c4 e6 4. Nc3 c6 5. e3 Nbd7 6. Qc2 Bd6 7. Bd3 0-0 8. 0-0 dxc4 9. Bxc4 b5 10. Bd3 Bb7 11. a3 a6 12. b4 a5 13. Rb1 axb4 14. axb4 Qe7 15. Bd2 Rfe8 16. Rfc1 h6 17. Ne4 Nxe4 18. Bxe4 Ra6 19. Bd3 Ra4 20. Qc3 e5 21. Bc2 Ra6 22. dxe5 Nxe5 23. Nxe5 Bxe5 24. Qd3 g6 25. Bb3 Bg7 26. Bc3 Bc8 27. Ra1 Rxa1 28. Rxa1 Bf5 29. e4 Bxe4 0-1

[Event "Montpellier op"]
[Site "Montpellier"]
[Date "2004.07.06"]
[Round "2"]
[White "Prie, Eric"]
[Black "Laclau, Daniel"]
[Result "1-0"]
[WhiteElo "2441"]
[BlackElo "2280"]
[PlyCount "45"]
[EventDate "2004.07.05"]
[EventType "swiss"]
[EventRounds "9"]
[EventCountry "FRA"]
[SourceTitle "CBM 101 Extra"]
[Source "ChessBase"]
[SourceDate "2004.09.01"]
[SourceVersion "2"]
[SourceVersionDate "2004.09.01"]
[SourceQuality "1"]

1. d4 Nf6 2. Bg5 d5 3. e3 e6 4. c4 Be7 5. Nc3 h6 6. Bh4 b6 7. cxd5 exd5 8. Bb5+ c6 9. Bd3 0-0 10. Nf3 Nbd7 11. 0-0 Bb7 12. Rc1 Re8 13. Qc2 c5 14. Rfd1 c4 15. Bf5 Nf8 16. Ne5 a6 17. a4 Bc8 18. Nc6 Qd6 19. Nxe7+ Rxe7 20. Bxc8 Rxc8 21. Bxf6 gxf6 22. Qf5 Rd8 23. e4 1-0

[Event "Montpellier op-A"]
[Site "Montpellier"]
[Date "2001.??.??"]
[Round "2.16"]
[White "Francois, Sebastien"]
[Black "Laclau, Daniel"]
[Result "1-0"]
[WhiteElo "2062"]
[BlackElo "2313"]
[PlyCount "63"]
[EventDate "2001.??.??"]
[EventType "swiss"]
[EventRounds "7"]
[EventCountry "FRA"]
[SourceTitle "EXT 2003"]
[Source "ChessBase"]
[SourceDate "2002.11.25"]
[SourceVersion "1"]
[SourceVersionDate "2002.11.25"]
[SourceQuality "1"]

1. e4 c5 2. Nf3 e6 3. d4 cxd4 4. Nxd4 a6 5. g3 b5 6. Bg2 Bb7 7. 0-0 Nf6 8. Re1 h5 9. Bg5 Qb6 10. Nb3 Nc6 11. N1d2 Ng4 12. Qe2 f6 13. h3 fxg5 14. hxg4 h4 15. gxh4 Rxh4 16. c4 Ne5 17. Nf3 Nxf3+ 18. Bxf3 Bd6 19. e5 Bxe5 20. c5 Qc7 21. Rac1 Bc6 22. Na5 Bh2+ 23. Kg2 Qxa5 24. Bxc6 dxc6 25. Qxe6+ Kf8 26. Rcd1 Qb4 27. Re4 Qxb2 28. Qe7+ Kg8 29. Qxg5 Rh6 30. Rd8+ Rxd8 31. Qxd8+ Kh7 32. Qd3 1-0

[Event "FRA-chT"]
[Site "France"]
[Date "1999.??.??"]
[Round "8"]
[White "Laclau, Daniel"]
[Black "Herb, Pascal"]
[Result "1/2-1/2"]
[WhiteElo "2292"]
[BlackElo "2356"]
[PlyCount "20"]
[EventDate "1999.02.??"]
[EventType "team"]
[EventRounds "11"]
[EventCountry "FRA"]
[SourceTitle "EXT 2000"]
[Source "ChessBase"]
[SourceDate "1999.11.16"]
[SourceVersion "1"]
[SourceVersionDate "1999.11.16"]
[SourceQuality "1"]

1. d4 Nf6 2. c4 e6 3. Nf3 a6 4. Nc3 d5 5. cxd5 exd5 6. Bg5 Be7 7. e3 0-0 8. Be2 Nbd7 9. 0-0 c6 10. Qc2 Re8 1/2-1/2

[Event "FRA-chT"]
[Site "France"]
[Date "1998.05.11"]
[Round "11"]
[White "Marzolo, Cyril"]
[Black "Laclau, Daniel"]
[Result "1-0"]
[WhiteElo "2355"]
[BlackElo "2290"]
[PlyCount "49"]
[EventDate "1998.02.06"]
[EventType "team"]
[EventRounds "11"]
[EventCountry "FRA"]
[SourceTitle "CBM 064 Extra"]
[Source "ChessBase"]
[SourceDate "1998.07.07"]
[SourceVersion "1"]
[SourceVersionDate "1998.07.07"]
[SourceQuality "1"]

1. d4 d5 2. c4 c6 3. Nc3 Nf6 4. e3 e6 5. Nf3 Nbd7 6. Qc2 b6 7. Be2 Bb7 8. 0-0 Be7 9. Rd1 Qc7 10. e4 dxe4 11. Nxe4 c5 12. Nc3 cxd4 13. Nb5 Qb8 14. Rxd4 a6 15. Nc3 Qc7 16. Bf4 Qc6 17. Bf1 Bc5 18. Rd2 0-0 19. Rad1 Rfe8 20. a3 e5 21. Bg3 Qe6 22. Ng5 Qg4 23. Rxd7 Nxd7 24. Qxh7+ Kf8 25. Be2 1-0

[Event "FRA-chT"]
[Site "France"]
[Date "1998.04.05"]
[Round "7"]
[White "Lutz, Anke"]
[Black "Laclau, Daniel"]
[Result "0-1"]
[WhiteElo "2205"]
[BlackElo "2290"]
[PlyCount "88"]
[EventDate "1998.02.06"]
[EventType "team"]
[EventRounds "11"]
[EventCountry "FRA"]
[SourceTitle "CBM 064 Extra"]
[Source "ChessBase"]
[SourceDate "1998.07.07"]
[SourceVersion "1"]
[SourceVersionDate "1998.07.07"]
[SourceQuality "1"]

1. e4 c5 2. Nf3 e6 3. d4 cxd4 4. Nxd4 a6 5. Bd3 Qc7 6. 0-0 Nf6 7. Qe2 d6 8. c4 Nbd7 9. Nc3 g6 10. Be3 Bg7 11. Rac1 0-0 12. f4 b6 13. Kh1 Bb7 14. Bg1 Rac8 15. b3 Rfe8 16. Nf3 Nh5 17. Ng5 b5 18. Qg4 Nc5 19. Bb1 b4 20. Na4 Nxa4 21. bxa4 Nf6 22. Qe2 Nd7 23. Qg4 h6 24. Nf3 Nf6 25. Qh4 Nxe4 26. Be3 Qe7 27. Qe1 Nc3 28. Bd3 Nxa2 29. Rb1 a5 30. Bb6 Nc3 31. Rb3 Ra8 32. Qe3 Nxa4 33. Rbb1 Nc5 34. Bxc5 dxc5 35. Ne5 a4 36. Qg3 Red8 37. Rbe1 a3 38. h4 Bxe5 39. Rxe5 Rxd3 40. Qxd3 Qxh4+ 41. Kg1 Qg4 42. Qd2 b3 43. Ree1 b2 44. Qc2 Bxg2 0-1

[Event "FRA-chT"]
[Site "France"]
[Date "1998.04.04"]
[Round "6"]
[White "Laclau, Daniel"]
[Black "Renet, Olivier"]
[Result "0-1"]
[WhiteElo "2290"]
[BlackElo "2490"]
[PlyCount "156"]
[EventDate "1998.02.06"]
[EventType "team"]
[EventRounds "11"]
[EventCountry "FRA"]
[SourceTitle "CBM 064 Extra"]
[Source "ChessBase"]
[SourceDate "1998.07.07"]
[SourceVersion "1"]
[SourceVersionDate "1998.07.07"]
[SourceQuality "1"]

1. d4 Nf6 2. Nf3 e6 3. c4 d5 4. Nc3 Be7 5. e3 0-0 6. Qc2 Nbd7 7. b3 b6 8. Be2 Bb7 9. 0-0 c5 10. Bb2 cxd4 11. exd4 Rc8 12. Rac1 dxc4 13. bxc4 Bxf3 14. Bxf3 Rxc4 15. Rfd1 Qb8 16. Be2 Rcc8 17. Qa4 Rfd8 18. Qa6 e5 19. Nb5 Rxc1 20. Rxc1 exd4 21. Qxa7 Qxa7 22. Nxa7 Bc5 23. Nc6 Ra8 24. a3 Bxa3 25. Ra1 Re8 26. Bxa3 Rxe2 27. Nxd4 Re8 28. Bb2 h6 29. g3 Kh7 30. Kg2 Kg6 31. Ra7 Nc5 32. Nf3 Nfd7 33. Bd4 Rf8 34. Rc7 Kh7 35. h4 Kg8 36. Ne5 Nxe5 37. Bxe5 Rd8 38. Rc6 Na4 39. Rc7 Rd5 40. Bf4 b5 41. Rc8+ Kh7 42. Kf3 h5 43. Ke4 Rd7 44. Be3 Re7+ 45. Kd3 Nb2+ 46. Kd4 Rd7+ 47. Kc5 Nc4 48. Bf4 Rd3 49. Rc7 f6 50. Kxb5 Nd6+ 51. Bxd6 Rxd6 52. Rc2 Kg6 53. Kc5 Rd8 54. Re2 Kf5 55. Kc4 Rd7 56. f3 Rd1 57. Rg2 g6 58. g4+ Kf4 59. gxh5 gxh5 60. Rg6 Kxf3 61. Rxf6+ Kg4 62. Rg6+ Kxh4 63. Kc3 Kh3 64. Kc2 Rd5 65. Rg8 h4 66. Rg7 Kh2 67. Rg4 h3 68. Rg8 Kh1 69. Rg7 h2 70. Rg8 Rf5 71. Kd2 Rf1 72. Ke3 Rg1 73. Ra8 Kg2 74. Rg8+ Kf1 75. Rf8+ Ke1 76. Ra8 Rg3+ 77. Kf4 Rf3+ 78. Kg4 Rf1 0-1

[Event "FRA-chTA 9697"]
[Site "France"]
[Date "1997.??.??"]
[Round "6"]
[White "Laclau, Daniel"]
[Black "Pecot, Laurent"]
[Result "1-0"]
[WhiteElo "2305"]
[BlackElo "2235"]
[PlyCount "76"]
[EventDate "1997.??.??"]
[EventType "team"]
[EventRounds "7"]
[EventCountry "FRA"]
[SourceTitle "EXT 1999"]
[Source "ChessBase"]
[SourceDate "1998.11.16"]
[SourceVersion "1"]
[SourceVersionDate "1998.11.16"]
[SourceQuality "1"]

1. d4 d5 2. Nf3 e6 3. c4 c5 4. e3 Nf6 5. Nc3 a6 6. cxd5 exd5 7. Be2 Nc6 8. 0-0 Bd6 9. dxc5 Bxc5 10. b3 0-0 11. Bb2 Ba7 12. Rc1 Qd6 13. Rc2 Bf5 14. Rd2 Rad8 15. Qa1 Rfe8 16. Rfd1 Ne7 17. Nd4 Bb8 18. g3 Bg4 19. Qb1 Qe5 20. Bxg4 Nxg4 21. Nf3 Qh5 22. Kg2 Nf5 23. Rd3 Qg6 24. e4 Qb6 25. exf5 Qxf2+ 26. Kh3 Ne3 27. Rxe3 Qxe3 28. Qd3 Qh6+ 29. Kg2 d4 30. Ne4 Qb6 31. Nfd2 Be5 32. Rb1 Qh6 33. Re1 Qh5 34. Qf3 Qh6 35. Rf1 Rc8 36. Nc4 Bf6 37. Ned6 b5 38. Nxe8 bxc4 1-0

[Event "FRA-ch Accession"]
[Site "Narbonne "]
[Date "1997.??.??"]
[Round "4"]
[White "Laclau, Daniel"]
[Black "Rainfray, Arnaud"]
[Result "0-1"]
[WhiteElo "2270"]
[BlackElo "2210"]
[PlyCount "84"]
[EventDate "1997.08.??"]
[EventType "swiss"]
[EventRounds "11"]
[EventCountry "FRA"]
[SourceTitle "EXT 2021"]
[Source "ChessBase"]
[SourceDate "2020.10.23"]
[SourceVersion "1"]
[SourceVersionDate "2020.10.23"]
[SourceQuality "1"]

1. d4 d5 2. Nf3 Nf6 3. c4 e6 4. Nc3 Bb4 5. cxd5 exd5 6. Bg5 Nbd7 7. Rc1 0-0 8. e3 c5 9. Be2 Qa5 10. 0-0 c4 11. Qc2 Re8 12. Nd2 h6 13. Bh4 Bxc3 14. bxc3 Ne4 15. Nxe4 Rxe4 16. Bg3 Re8 17. Rfe1 Nb6 18. Bf1 Bd7 19. f3 Re6 20. e4 Rae8 21. Bc7 Qa3 22. Bxb6 axb6 23. e5 b5 24. Rb1 Rb6 25. Rb4 Ra8 26. Re2 Rba6 27. Rb2 Ra4 28. f4 b4 29. Re3 Bf5 30. Qd2 bxc3 31. Rxc3 Qe7 32. h3 Ra3 33. Rxa3 Rxa3 34. Qc1 c3 35. Rf2 Qb4 36. g4 Be4 37. Bg2 Qb1 38. Qxb1 Bxb1 39. Bxd5 c2 40. Rf1 Rd3 41. Bb3 Rxd4 42. Rc1 Bxa2 0-1